आदि अनादि -3 / (Record no. 118014)
[ view plain ]
| 000 -LEADER | |
|---|---|
| fixed length control field | 01036nam a22002537a 4500 |
| 005 - DATE AND TIME OF LATEST TRANSACTION | |
| control field | 20170124103104.0 |
| 010 ## - LIBRARY OF CONGRESS CONTROL NUMBER | |
| LC control number | B-240566 |
| 020 ## - INTERNATIONAL STANDARD BOOK NUMBER | |
| Terms of availability | 300.00 |
| International Standard Book Number | 817138125 |
| 035 ## - SYSTEM CONTROL NUMBER | |
| System control number | B-240566 |
| 037 ## - SOURCE OF ACQUISITION | |
| Source of stock number/acquisition | Cen Lib/Ret |
| 040 ## - CATALOGING SOURCE | |
| Original cataloging agency | DPL |
| Language of cataloging | HN |
| 082 ## - DEWEY DECIMAL CLASSIFICATION NUMBER | |
| Classification number | क |
| Item number | मुद्गल |
| 100 ## - MAIN ENTRY--PERSONAL NAME | |
| Personal name | मुद्गल, चित्रा |
| 9 (RLIN) | 77952 |
| 245 ## - TITLE STATEMENT | |
| Title | आदि अनादि -3 / |
| Statement of responsibility, etc | चित्रा मुद्गल |
| 246 ## - VARYING FORM OF TITLE | |
| Title proper/short title | aadi anaadi -3 |
| Remainder of title | by Chitra Mudgal |
| 260 ## - PUBLICATION, DISTRIBUTION, ETC. (IMPRINT) | |
| Place of publication, distribution, etc | नई दिल्ली |
| Name of publisher, distributor, etc | सामयिक प्रकाशन |
| Date of publication, distribution, etc | 2007 |
| 270 ## - ADDRESS | |
| Address | 3320-21,जटवाडा नेता जी सुभाष मार्ग दरिया गंज |
| City | नई दिल्ली |
| Postal code | 110002 |
| 300 ## - PHYSICAL DESCRIPTION | |
| Extent | 271पृष्ठ. |
| Dimensions | 20सेमी(सजिल्द) |
| 650 ## - SUBJECT ADDED ENTRY--TOPICAL TERM | |
| Topical term or geographic name as entry element | हिंदी साहित्य |
| 9 (RLIN) | 77953 |
| 650 ## - SUBJECT ADDED ENTRY--TOPICAL TERM | |
| Topical term or geographic name as entry element | हिंदी कहानी |
| 9 (RLIN) | 77954 |
| 650 ## - SUBJECT ADDED ENTRY--TOPICAL TERM | |
| Topical term or geographic name as entry element | Hindi literature |
| 9 (RLIN) | 77955 |
| 650 ## - SUBJECT ADDED ENTRY--TOPICAL TERM | |
| Topical term or geographic name as entry element | Hindi Story |
| 9 (RLIN) | 43117 |
| 942 ## - ADDED ENTRY ELEMENTS (KOHA) | |
| Source of classification or shelving scheme | Dewey Decimal Classification |
| Koha item type | Hindi Books |
| Classification part | क |
| Call number suffix | मुद्गल |
| Withdrawn status | Lost status | Damaged status | Not for loan | Home library | Current library | Date acquired | Source of acquisition | Cost, normal purchase price | Total Checkouts | Total Renewals | Full call number | Barcode | Date last seen | Date checked out | Copy number | Cost, replacement price | Price effective from | Koha item type |
|---|---|---|---|---|---|---|---|---|---|---|---|---|---|---|---|---|---|---|
| Central Library | Central Library | 09/09/2015 | Cen Lib /Ret | 300.00 | 4 | 2 | क मुद्गल | B-240566 | 07/02/2025 | 06/02/2025 | 1 | 300.00 | 09/09/2015 | Hindi Books |
